Most Doctors Per Capita - Statistics

General Stats
  • This quiz has been taken 48 times
  • The average score is 16 of 25
Answer Stats
Rank Rate Answer % Correct
12 41.9 Sweden
89%
24 36.6 Denmark
85%
11 41.9 Germany
83%
8 43.9 Norway
83%
20 38.7 Spain
81%
5 52.3 Austria
79%
2 66.5 Monaco
79%
10 42.5 Switzerland
79%
4 62.6 Greece
77%
7 44.3 Portugal
77%
22 36.9 Andorra
74%
21 37.9 Iceland
74%
14 40.2 Italy
74%
3 63.6 San Marino
70%
23 36.8 Czech Republic
68%
16 39.8 Russia
60%
1 75.2 Cuba
53%
9 43.8 Lithuania
53%
18 39.1 Malta
53%
15 40.0 Bulgaria
43%
19 39.1 Argentina
38%
13 40.7 Belarus
38%
17 39.4 Uruguay
30%
6 47.8 Georgia
21%
25 36.1 Maldives
11%
No matching quizzes found
Score Distribution
Percent of People with Each Score
Percentile by Number Answered
Your Score History
You have not taken this quiz